000 00423nam a2200157 i 4500
001 39908
003 ES-MaACL
005 20230906160112.0
007 t|
008 030304s1931 sp ||||1| spa d
100 1 _aCandela y Martín, Enrique.
_934453
245 1 0 _aPanegíricos /
_cpor Enrique Candela.
260 _aMadrid :
_bJ. Sánchez de Ocaña,
_c1931.
300 _a31 p. ;
_c11 cm.
852 _aES-MaACL
_j1785-F-15
999 _c39908
_d39908